000 00683nam a22002297a 4500
001 BD-DhSAU 8401
003 BD-DhSAU
005 20150612103757.0
008 150612b1996 ii ||||| |||| 001 0 eng d
020 _a8122408508
040 _aBD-DhSAU
082 _222
_a020
_bPRO
245 _aProblems of information science /
_cEditors, N. R. Satyanarayana, R. Satyanarayana
260 _aNew Delhi :
_bNew Age International Limited ,
_cc1996.
300 _aix, 186 p. :
_c22 cm.
504 _aInclude bibliographical reference & index.
590 _aJerin
650 _aInformation science
700 _a Satyanarayana, N. R.
700 _a Satyanarayana, R.
942 _2ddc
_cBOOK
999 _c8401
_d8401